[Event "Canadian op"]
[Site "Edmonton"]
[Date "2009.07.15"]
[Round "5"]
[White "Shirov, Alexei"]
[Black "Panjwani, Raja"]
[Result "1-0"]
[WhiteElo "2732"]
[BlackElo "2350"]
[Annotator "Shabalov,A"]
[PlyCount "105"]
[EventDate "2009.07.11"]
[EventType "swiss"]
[EventRounds "9"]
[EventCountry "CAN"]
[SourceTitle "CBM 132 Extra"]
[Source "ChessBase"]
[SourceDate "2009.11.03"]
[SourceVersion "1"]
[SourceVersionDate "2009.11.03"]
[SourceQuality "1"]

1. e4 e5 2. Nf3 Nc6 3. Bb5 Nf6 4. O-O Nxe4 5. d4 Nd6 6. Bxc6 dxc6 7. dxe5 Nf5
8. Qxd8+ Kxd8 9. Nc3 h6 10. h3 Bd7 11. b3 b6 12. Bb2 Kc8 13. Rad1 Ne7 14. Rd2
c5 15. Rfd1 Be6 16. Ne2 Ng6 {The choice is between this move and} (16... g5 17.
c4 (17. Nh2 Ng6 18. Ng4 Bg7 19. Nf6 Kb7 20. Ng3 {1/2-1/2 Haba,P (2596)
-Bindrich,F (2401)/Czechia 1/2-1/2 Haba,P (2596) -Bindrich,F (2401)/Czechia})
17... Kb7 18. Nc3 Ng6 19. Nd5 {1/2-1/2 Volokitin,A (2654)-Eljanov,P (2686)/
Dresden 1/2-1/2 Volokitin,A (2654)-Eljanov,P (2686)/Dresden}) 17. Rd8+ Kb7 18.
Rxa8 Kxa8 19. Ng3 {New plan by Alexey and it seems to lead to an advantage.} (
19. Rd8+ Kb7 20. g4 Rh7 21. Nh2 Be7 22. Rd1 Bg5 23. Nf3 Be7 24. Nh2 Bg5 25. Nf3
{1/2-1/2 Baramidze,D (2551)-Naiditsch,A (2663)/Bad Koenigshofen 2007/CBM 116
ext}) 19... Be7 20. Nh5 Rg8 21. c4 Nh4 22. Nxh4 Bxh4 23. Nf4 Rd8 24. Rxd8+ Bxd8
25. Nxe6 fxe6 26. g4 Bg5 27. Kg2 Bd2 28. h4 g6 29. h5 {logical continuation,
but forcing black to play h5 after} (29. Kf3 Kb7 30. Ke2 Bf4 31. Bc3 {
threatening Bd2, was also interesting.}) 29... g5 30. Kf3 Kb7 31. Ke2 Bf4 32.
Bc3 Kc6 33. b4 cxb4 34. Bxb4 Kd7 35. Kd3 {Again Alexey changes his mind in the
middle of variation.Ask him if} (35. Bf8 Ke8 36. Bxh6 Kf7 37. Kd3 c5 38. Kc2 a6
39. Kd3 Kg8 40. a4 a5 41. Ke4 Kf7 42. Bxg5 Bxg5 43. f4 {was winning. It
certainly looks that way.}) 35... c5 36. Bd2 Bxe5 37. Ke4 Bg7 $1 {best move
for a draw.} (37... Bd6 38. Bc3 Ke8 39. Bg7 Bf8 40. Be5 Kd7 41. a4 {led to
some difficulties.}) 38. f4 gxf4 39. Bxf4 a6 $6 {It is not that easy to
realize that black should not play this position for a win.} (39... Ke7 40. Bb8
Kd8 {held an easy draw.Now white suddenly gets good winning chances.}) 40. a4
Kc6 41. Be5 Bf8 42. Bf6 b5 43. Ke5 $1 {White wins} Kd7 44. cxb5 axb5 45. axb5
Bd6+ 46. Ke4 Bf8 47. g5 hxg5 48. Bxg5 Kc7 49. Kd3 e5 50. h6 Kb6 51. Kc4 e4 52.
Be3 Kb7 53. h7 1-0

[Event "Sarajevo Bosnia 29th"]
[Site "Sarajevo"]
[Date "1999.05.25"]
[Round "8"]
[White "Shirov, Alexei"]
[Black "Sokolov, Ivan"]
[Result "1-0"]
[WhiteElo "2726"]
[BlackElo "2624"]
[Annotator "Shirov,A"]
[PlyCount "107"]
[EventDate "1999.05.17"]
[EventType "tourn"]
[EventRounds "9"]
[EventCountry "BIH"]
[EventCategory "19"]
[SourceTitle "CBM 071"]
[Source "ChessBase"]
[SourceDate "1999.08.01"]
[SourceVersion "1"]
[SourceVersionDate "1999.08.01"]
[SourceQuality "1"]

{[%mdl 4097]} 1. e4 {Wedberg} e5 2. Nf3 Nc6 3. Bb5 Nf6 4. O-O Nxe4 5. d4 Nd6 6.
Bxc6 dxc6 7. dxe5 Nf5 8. Qxd8+ Kxd8 9. Nc3 Ke8 10. h3 a5 11. Bf4 Be6 12. a3 $5
$146 {Wedberg: 'The latest twist for White in the Berlin is to put the P on a3
rather than on a4 (or a2). The reason is that White does not want to wander
away with Nc3, so he has to prevent Bb4. The plan is instead to play g4 and
Nd4.'} (12. g4 Ne7 13. Nd4 Nd5 14. Nxe6 fxe6 15. Bd2 Bb4 $1) 12... Bc5 13. Rad1
h6 14. g4 Ne7 15. Nd4 Bxd4 {Wedberg: 'In principle opposite coloured B:s is OK
for Black,'} (15... Nd5 16. Nxe6 fxe6 17. Ne2 $14 (17. Ne2 {Wedberg} b5 $13) (
17. Nxd5 cxd5 $11)) 16. Rxd4 c5 {Wedberg: 'Maybe alright in itself, but it´s
part of a plan that gives White a splendid game.'} (16... h5 $5 {Wedberg}) 17.
Rd2 Nc6 18. Nd5 Bxd5 $6 (18... Rc8 19. Ne3 $5 $14) (18... Rc8 $142 {Wedberg
Keeping the blockade of the e5-P is paramount in this line.}) 19. Rxd5 b6 (
19... Nd4 $2 20. Be3 $1 Nxc2 21. Bxc5 $18) 20. e6 $1 $16 {'!' Wedberg. Wedberg:
'By opening up the position White changes the structure in favour of the B.
Compare to Lutz-Kortschnoj above.'} fxe6 21. Re1 Rd8 (21... Nd4 22. Kg2 c6 23.
Rd6 Rf8 (23... Nxc2 24. Rdxe6+ Kf7 25. Re7+ Kf8 26. R1e4 $16) (23... Rd8 24.
Rxd8+ Kxd8 25. c3 $18) 24. Bg3 $1 (24. Be5 Nxc2 (24... Ke7 $2 25. Rd1 $1) 25.
Re4 Nd4 26. Bxd4 (26. Bxg7 Ke7) 26... cxd4 27. Rxc6 Rd8 $1 $14) 24... Ke7 25.
Rd1 $1 (25. c3 e5 $1 26. Bxe5 Nf3 27. Re3 Nxe5 28. Rd2 Kf6 29. Rd6+ Ke7 $11)
25... Rfd8 26. Rxd8 Rxd8 27. Bc7 Rd5 28. Bxb6 $1 (28. c4 $5 Rd7 29. Bxb6 Nb3
30. Rxd7+ Kxd7 31. a4 $1 $16) 28... Nxc2 29. Rc1 Nd4 30. Rxc5 $16) 22. Rxe6+
Kf7 23. Rxd8 Nxd8 24. Re3 $3 {Wedberg: 'White is better due to two factors:
more flexible P-formation and the advantage of B against N in an open position.
'} (24. Re4 Ne6 25. Be3 Rd8 $132) 24... Ne6 25. Be5 $1 {Wedberg: 'The B is a
giant on e5.'} h5 $1 (25... Rd8 26. Rd3 Rxd3 27. cxd3 g5 28. Kg2 $18) 26. Rd3
$5 (26. Kg2 hxg4 27. hxg4 Rd8 28. Rd3 Rxd3 29. cxd3 $16) 26... hxg4 27. hxg4 c4
28. Rd1 $1 Ke7 (28... Re8 29. Rd7+ Re7 30. Rxe7+ Kxe7 31. f4 g6 32. Kf2 $18)
29. Kg2 Rf8 30. Kg3 g5 31. f3 Rf7 32. Kf2 $6 (32. Rh1 $142 $16) 32... Rh7 33.
Ke3 Rh3 34. Rd2 Rh1 35. Ke4 Rf1 $6 (35... Re1+ 36. Kf5 Re3 37. Bf6+ Ke8 (37...
Kf8 {Wedberg} 38. Rf2 $16) 38. Rf2 $16) 36. Rh2 $1 Kd7 37. Rh7+ Kc6 38. Rh6 Kd7
39. Rh7+ Kc6 40. Kf5 $1 Nc5 41. Rh3 $1 {Wedberg: 'Connected passed Ps should
win, but Black is fast too, so the race is on.'} (41. Rxc7+ {Wedberg} Kd5 $13)
41... Rf2 (41... Kd5 $142 42. Bxc7 $16) 42. Kxg5 Rxc2 43. Rh2 $1 Rxh2 (43...
Rc1 44. Kf5 $18) 44. Bxh2 Nd3 45. Kh6 $1 $18 (45. Kf5 $6 Nxb2 46. g5 Kd7 47. g6
Ke8) (45. Kh5 $18) 45... b5 (45... Nxb2 46. g5 Nd3 47. g6 c3 48. Bg1 $18) 46.
g5 b4 47. g6 $1 c3 48. bxc3 b3 {Wedberg: 'To protect the N from b1.'} (48...
bxa3 49. g7 a2 50. g8=Q a1=Q 51. Qg6+ $18) 49. g7 b2 50. g8=Q b1=Q 51. Qa8+ Kd7
(51... Qb7 52. Qe8+ $18) 52. Qd5+ Ke7 (52... Kc8 53. Qxa5 $18) 53. Bxc7 Qc1+
54. Kg6 {Wedberg: 'The only way to prevent mate is to exchange Q:s.'} (54. Kg6
{Wedberg} Qg1+ 55. Kf5 Qc5 (55... Qf1 56. Bd6+ Kd7 57. Bf4+ Ke8 58. Qe6+ Kd8
59. Qd6+ Ke8 60. Kf6 {and mate.}) 56. Qxc5+ Nxc5 57. Bxa5 $18) 1-0

[Event "Tilburg Fontys"]
[Site "Tilburg"]
[Date "1996.10.12"]
[Round "2"]
[White "Shirov, Alexei"]
[Black "Almasi, Zoltan"]
[Result "1-0"]
[WhiteElo "2685"]
[BlackElo "2650"]
[Annotator "Shirov,A"]
[PlyCount "71"]
[EventDate "1996.10.11"]
[EventType "tourn"]
[EventRounds "11"]
[EventCountry "NED"]
[EventCategory "16"]
[SourceTitle "CBM 056"]
[Source "ChessBase"]
[SourceDate "1997.02.01"]
[SourceVersion "1"]
[SourceVersionDate "1997.02.01"]
[SourceQuality "1"]

1. e4 {Wedberg} e5 2. Nf3 Nc6 3. Bb5 Nf6 4. O-O Nxe4 {It's strange that
although this variation normally brings Black good practical results, it's not
being practised so much. Almasi has been employing it regularly last years. My
only experience with White was against another variation's expert Rustem
Dautov (Tbilisi 1989).} 5. d4 Nd6 6. Bxc6 dxc6 7. dxe5 Nf5 8. Qxd8+ Kxd8 9. Nc3
(9. Rd1+ {Wedberg} Ke8 10. Nc3 Ne7 11. Nd4 a6 (11... Ng6 12. Bg5 (12. f4 Bc5
$10) 12... Bd7 13. Re1 h6 14. Bd2 Bc5 15. Nb3 Be7 16. Ne4 Nxe5 17. Bc3 $13 {
1-0 Almasi,Z-Dumitrache,D/Odorheiu zt 1995 (67)}) 12. h3 Ng6 13. f4 Bc5 14. Be3
h5 15. Nce2 Ne7 {=/Leko,P-Almasi,Z/Wijk op/1995/ Wedberg: This game is an
example of Black succeding to equalize with the Ne7-idea. Compare it to our
main game Shirov-Almasi.}) 9... Ne7 {Wedberg: This is a fairly unusual
manouvre. Blacks main line of deploying his forces include the moves h6, Be6
and Bb4. Ne7 opens for a different setup with Ng6, Bf5 and Bc5. In such a
wellknown position this move has occured only a few times. This just proves
that chess is a rich game.} 10. Nd4 $5 $146 {Shirov keeps his R on f1 to get
more power behind the f-P. The K on d8 can also be a tactical liability in
many cases. Compare this with Lekos play in the comment to move 9. I had a
feeling that to fight for the opening advantage I should play very
energetically.} (10. h3 Ke8 11. b3 Nd5 {Wedberg: Another idea made possible by
Ne7.} 12. Bb2 Bb4 13. Ne2 a5 14. a4 h5 $10 {(Brustman,A-Polgar,S/Yerevan wom
ol (10) 1996) was a tipical draw story for this variation. However with the
text I didn't prove much either.} (14... h5 {Wedberg} 15. Nfd4 Bc5 16. Kh2 Bd7
17. Rad1 Ne7 18. Nf4 Bxd4 {1/2-1/2 Brustman,A-Polgar,S/Erevan olw 1996})) 10...
Ng6 11. f4 $5 {I also considered} (11. Bg5+ {but the position after} Ke8 $5 (
11... Be7 12. Bxe7+ Kxe7 13. f4 $14) 12. Rad1 Bd7 {didn't apply to me.}) 11...
Bc5 12. Be3 Bb6 $1 {A very good move. Bishop feels very comfortable on this
diagonal and if White takes it, capturing on b6 with 'a' pawn should improve
Black's pawn structure. Not in the present game, though.} (12... Bxd4 13. Bxd4
Bf5 14. Nd1 $1 Bxc2 15. Ne3 Bd3 16. Rf2 $44 {was what I was hoping for.
White's attack is extremely strong for just one doubbled pawn.}) (12... Nh4 $2
{Wedberg} 13. Nxc6+ $18) 13. Rae1 $5 {This move, preparing 14.e6 in fact
shouldn't yield White anything. But I don't see an improvement.} Nh4 $5 {
After the game Almasi was very unhappy about this move but I think it doesn't
spoil anything. Yet his suggestion Wedberg: If Black is allowed to play Nf5
the position would be approximately equal. Blacks excellent blockade on the
white squares makes it very difficult for White to get his P-majority rolling
on the K-side.} (13... Ne7 $5 {might even be an improvement on the game. Now}
14. e6 {can be met by} c5 $1 (14... fxe6 $6 {is as wrong as in the game in
view of} 15. Nxe6+ Bxe6 16. Bxb6 Bc4 {(or 16...axb6 17.Rxe6 Nd5 18.Rd1 Kc8 19.
Nxd5 cxd5 20.a3+/-)} 17. Bxc7+ $1 Kd7 18. Rf2 $16) 15. Nb3 Bxe6 16. Nxc5 Bc4
17. Rd1+ Kc8 18. Rfe1 Ba5 19. Bd2 Bb6 20. Be3 Ba5 {and White would better
repeat moves.}) 14. e6 $5 {Maybe again I should try to sacrifice a pawn e.g.
This tactic breaks the spell. Blacks cumbersome manouvering with the N leaves
him with nothing. He has to settle for a bigger than usual opening
disadvantage.} (14. Ne4 $5 {and if} Nf5 15. Nxf5 Bxf5 {then} 16. Ng3 Bxc2 17.
Rf2 $44) 14... fxe6 $2 {A fatal error. After} (14... c5 {Black's position
would be not much to worry about, for instance} 15. Nb3 (15. e7+ Kxe7 16. Nb3 (
16. Ndb5 $6 Kd7 $15) (16. Bf2+ $6 Kf8 $15) 16... Kd6 17. Nxc5 Bxc5 18. Ne4+ Kc6
19. Nxc5 $10 {or}) 15... Bxe6 16. Nxc5 Bxc5 17. Bxc5 Kd7 18. Rd1+ Kc6 19. Bf2
Nf5 20. g4 Nd6 21. f5 Bc4 22. Rfe1 Rae8 23. b3 Ba6 $10) (14... Bxd4 {Wedberg}
15. Bxd4 Nf5 16. e7+ Ke8 (16... Kd7 17. Bc5 Re8 18. Re5 Nd6 19. Rfe1 $16) 17.
Be5 $16) 15. Nxe6+ $1 {Since I was not sure that the forthcoming knight ending
would be winning I was also seriously considering a positional pawn sacrifice
with} (15. Ne4 {But then I saw that after} c5 $1 16. Nb5 Bd7 {there would be
nothing clear and preferred a secure way.}) 15... Bxe6 16. Bxb6 {An important
thing is that tempting} axb6 (16... Bh3 {fails to} 17. Bd4 $1 Nxg2 (17... Bxg2
18. Bxg7 Bxf1 19. Bxh8 $18) 18. Rd1 $1 Kc8 19. Rd3 Bf5 20. Kxg2 $16) (16... Bc4
{Wedberg} 17. Bf2 Ng6 18. Rd1+ Kc8 19. Rfe1 $16) (16... cxb6 {Wedberg Wedberg:
This creates a better P-structure, but weakens the d6-square.}) 17. Rxe6 Kd7
18. Rfe1 Rae8 {Wedberg: Or else White would win in the attack.} 19. Rxe8 Rxe8
20. Rxe8 Kxe8 21. Kf2 $16 {White is a clear pawn up on the kingside and
Black's extra 'c' pawn doesn't seem to play a sufficient role. According to
the endgame laws White should be winning but I believe that there could be a
tougher resistance than what was demonstrated in the game. Wedberg: Whites
superior P-structure gives him a clear plus. If the old saying that a N-ending
in principle is lika a P-ending is applicable, then White is already winning.}
Nf5 22. Ne4 c5 {The pawn ending after} (22... Nd6 23. Nxd6+ cxd6 24. c4 $1 {
is hopeless.}) 23. g4 Nh6 $6 {When my opponent put his knight to to the edge I
got a feeling that the game was won. However} (23... Ne7 24. Kf3 {would be
very unpleasant as well.}) 24. Kf3 Nf7 25. h4 Ke7 $2 {Now White wins
immediately. Tougher would be} (25... h6 {although after} 26. h5 {White should
win.}) 26. Ng5 $18 Nd6 (26... Nxg5+ 27. hxg5 $18) 27. Nxh7 Nc4 28. f5 {Wedberg:
It takes years for Black to set up anything on the Q-side, so White simply
pushes forward with his winning plan.} Nxb2 29. g5 Nc4 30. h5 b5 31. Kf4 Na3 (
31... Nd6 {Wedberg} 32. h6 gxh6 33. g6 Ne8 34. Ke5 $18) 32. h6 gxh6 33. g6 Nc4
34. f6+ Ke6 35. f7 Ne5 36. f8=N+ {An example for underpromotion collectors.
Black resigned.} 1-0